| 000 | 00862cab a2200229 4500 | ||
|---|---|---|---|
| 001 | X3638 | ||
| 008 | 090401t1996 xxu||||| |||| 00| 0 eng d | ||
| 035 | _a(Sirsi) u31725 | ||
| 041 | _aeng | ||
| 245 | _aThird amendment to Red Book issued | ||
| 260 | _c1996 | ||
| 350 | _a0 | ||
| 490 |
_aCSM (Chartered Surveyor Monthly) _v5(9) June 1996, 19(1) |
||
| 520 | _aIncludes a revision of PS8: valuation of commercial land and buildings, a new paragraph in PS9 to deal with valuation of repossessed property, alterations to PS6 on electromagnetic fields and valuation and PS12 has been altered in light of TEGOVOFA guidance. | ||
| 650 | _aELECTROMAGNETIC FIELDS | ||
| 650 | _aRICS APPRAISAL AND VALUATION MANUAL | ||
| 650 | _aREPOSSESSED PROPERTY | ||
| 650 | _aRESIDENTIAL VALUATION | ||
| 690 | _aRATING AND VALUATION | ||
| 942 | _n0 | ||
| 948 | _c04/03/1997 | ||
| 999 |
_c21295 _d21295 |
||